El campo español y la economía nacional / (Record no. 65807)

MARC details
000 -LEADER
campo de control de longitud fija 00444nam a2200145 i 4500
001 - NÚMERO DE CONTROL
campo de control 65807
003 - IDENTIFICADOR DE NÚMERO DE CONTROL
campo de control ES-MaACL
007 - CAMPO FIJO DE DESCRIPCIÓN FÍSICA--INFORMACIÓN GENERAL
campo de control de longitud fija t|
008 - DATOS DE LONGITUD FIJA--INFORMACIÓN GENERAL
campo de control de longitud fija 040121s1947 sp ||||1| spa d
100 1# - ENTRADA PRINCIPAL--NOMBRE DE PERSONA
Nombre de persona Fuentes Irurozqui, Manuel.
9 (RLIN) 52929
245 13 - MENCIÓN DEL TÍTULO
Título El campo español y la economía nacional /
Mención de responsabilidad, etc. Manuel Fuentes Irurozqui.
260 ## - PUBLICACIÓN, DISTRIBUCIÓN, ETC.
Lugar de publicación, distribución, etc. Madrid :
Nombre del editor, distribuidor, etc. [s.n.,
Fecha de publicación, distribución, etc. 1947] (
Fabricante Diana Artes Gráficas)
300 ## - DESCRIPCIÓN FÍSICA
Extensión 196 p. ;
Dimensiones 30 cm.
852 ## - LOCALIZACIÓN
Ubicación ES-MaACL
Número de control de estantería B-786
Sublocalización o colección R.27085
Holdings
Estatus retirado Estado de pérdida Estado de daño No para préstamo Biblioteca de origen Biblioteca actual Ubicación en estantería Fecha de adquisición Fuente de adquisición Total de préstamos Signatura topográfica completa Código de barras Visto por última vez Precio de reemplazo Tipo de ítem Koha
        Biblioteca del Ateneo de Madrid Biblioteca del Ateneo de Madrid Sala Pardo Bazán 17/01/2008     B-786 1068943 23/02/2023 23/02/2023 Libro impreso